000
00268nam a2200121Ia 4500
005
20251222144913.0
008
251222s9999||||xx |||||||||||||| ||spa||
082
_a
254.9/N53
100
_a
Nicholson, Jim
245
0
_a
Usa e Santa Sed:
264
_b
Roma
942
_c
LIB
999
_c
22429
_d
22429